Economics /

Na minha lista:
Detalhes bibliográficos
Main Authors: Barron, John M (Author), Lynch, Gerald J (Author)
Formato: Livro
Idioma:inglês
Publicado em: Homewood : IRWIN, 1989
Edição:2.vyd.
Assuntos:
Tags: Adicionar Tag
Sem tags, seja o primeiro a adicionar uma tag!

MARC

LEADER 00000nam a22000003a 4500
001 stu4491
005 20150617225655.4
008 930820s1989----xxu-----------------eng-d
020 |a 0-256-07500-X 
040 |a STU  |b slo 
041 0 |a eng 
044 |a xxu 
080 |a 330.1  |7 stu_us_auth*stu8076 
100 1 |a Barron, John M  |4 aut 
245 1 |a Economics /  |c [aut.] Barron,John M.; Lynch,Gerald J 
250 |a 2.vyd. 
260 |a Homewood :  |b IRWIN,  |c 1989 
300 |a 533 s :  |b príl 
650 7 |a ekonomika  |2 stusub 
700 1 |a Lynch, Gerald J  |4 aut 
996 |b E78221  |c R*78221  |l RRUM  |s A  |a 24  |w stu4491_0001